| 000 | 00552nam a2200217Ia 4500 | ||
|---|---|---|---|
| 003 | BUBTL | ||
| 008 | 151213s9999 xx 000 0 und d | ||
| 082 |
_a330 _bEan |
||
| 100 | _aAlain Anderton | ||
| 245 |
_aEconomics _cAlain Anderton |
||
| 250 | _a3rd | ||
| 260 |
_aItaly _bCaus Cway Press _c2000 |
||
| 300 |
_av, 763 p. ; _bills, chart, graph. : _c23 cm |
||
| 500 | _aIncludes index | ||
| 650 | _aEconomics | ||
| 650 | _aEconomics | ||
| 700 | _aAlain Anderton | ||
| 856 |
_k0 _l0 _yDownload |
||
| 942 |
_2ddc _cBK |
||
| 999 |
_c2279 _d2279 |
||